|
|
|
|
| LEADER |
01145nam a2200289Ia 4500 |
| 001 |
9781134424603 |
| 003 |
FlBoTFG |
| 005 |
20101014212025.0 |
| 006 |
a|||||s||||||||||| |
| 007 |
cr|||| |
| 008 |
101014s2003 enkaf sb 001 0deng d |
| 020 |
|
|
|a 9780203417829 (e-book : PDF)
|
| 040 |
|
|
|a FlBoTFG
|c FlBoTFG
|d GrThAP
|
| 090 |
|
|
|a DG249
|b .H69 2003
|
| 092 |
|
|
|a 937.04092
|b H868
|
| 100 |
1 |
|
|a Hoyos, B. D.
|q (B. Dexter),
|d 1944-
|
| 245 |
1 |
0 |
|a Hannibal's dynasty
|h [electronic resource] :
|b power and politics in the western Mediterranean, 247-183 BC /
|c Dexter Hoyos.
|
| 260 |
|
|
|a London :
|b Routledge,
|c 2003.
|
| 300 |
|
|
|a vii, 304 p., 8 p. of plates :
|b ill. ;
|c [ca. 23-29] cm.
|
| 504 |
|
|
|a Includes bibliographical references (p. 285-295) and index.
|
| 530 |
|
|
|a Also available in print edition.
|
| 533 |
|
|
|a Electronic reproduction.
|b [London, Eng. :
|b Taylor and Francis,
|d 2010].
|n PDF file created from digital scan of print book.
|
| 600 |
0 |
0 |
|a Hannibal,
|d 247-182 B.C.
|
| 655 |
|
7 |
|a Electronic books.
|2 lcsh
|
| 776 |
1 |
|
|z 9780415299114
|
| 776 |
1 |
|
|z 041529911X
|
| 856 |
4 |
0 |
|u http://www.tandfebooks.com/isbn/9780203417829
|z Full Text via HEAL-Link
|